Když Nietzsche plakal [román o romantické posedlosti, osudu a lidské vůli] /

Hlavní autor: Yalom, Irvin D., 1931-
Další autoři: Bareš, Igor, 1966-, Černá, Dana, 1970-
Jazyk: Čeština
Vydáno: [Praha] : Portál, p2012
Témata:
Fyzický popis: 1 zvuková deska (12 hod.) : digital, MP3
Zvukové nahrávky
Uloženo v:
LEADER 02147njm a2200601 a 4500
001 001264448
003 CZ BrMZK
005 20130108080806.0
007 sd^
008 121112s2012 xr cze
015 |a cnb002410384 
024 3 |a 8595242901014 
040 |a ABA001  |b cze  |d BOA001 
041 1 |d cze  |h eng 
043 |a e-au---  |a e-gx--- 
045 |a w4x2 
072 7 |a 821.111(73)-3  |x Americká próza  |2 Konspekt  |9 25 
072 7 |a 929  |x Biografie  |2 Konspekt  |9 8 
080 |a 929  |2 MRF 
080 |a 159.964.2-051  |2 MRF 
080 |a 101-051  |2 MRF 
080 |a 821.111(73)-31  |2 MRF 
080 |a (436)  |2 MRF 
080 |a (430)  |2 MRF 
080 |a (0:82-312.6)  |2 MRF 
080 |a (086.7)08  |2 MRF 
080 |a (086.76)  |2 MRF 
100 1 |a Yalom, Irvin D.,  |d 1931-  |7 jo20010088885  |4 aut 
245 1 0 |a Když Nietzsche plakal  |h [zvukový záznam] :  |b [román o romantické posedlosti, osudu a lidské vůli] /  |c Irvin D. Yalom 
260 |a [Praha] :  |b Portál,  |c p2012 
300 |a 1 zvuková deska (12 hod.) :  |b digital, MP3 
500 |a Překlad Ivana Hlaváčová 
500 |a Kompaktní deska 
508 |a Režie Michal Bureš 
511 1 |a Igor Bareš, Dana Černá 
518 |a Natočeno v srpnu 2012 ve studiích ADK-Prague 
600 1 7 |a Breuer, Josef,  |d 1842-1925  |7 jn20000700235  |2 czenas 
600 1 7 |a Nietzsche, Friedrich,  |d 1844-1900  |7 jn19990006124  |2 czenas 
648 4 |a 1842-1925 
648 7 |a 19. století  |7 ch460557  |2 czenas 
650 0 7 |a psychoanalytici  |7 ph124789  |z Rakousko  |y 19.-20. stol.  |2 czenas 
650 0 7 |a filozofové  |7 ph117191  |z Německo  |y 19. stol.  |2 czenas 
655 7 |a americké romány  |7 fd131796  |2 czenas 
655 7 |a biografické romány  |7 fd131905  |2 czenas 
655 7 |a audioknihy  |7 fd119452  |2 czenas 
655 7 |a kompaktní desky  |7 fd201991  |2 czenas 
700 1 |a Bareš, Igor,  |d 1966-  |7 js20011212135  |4 stl 
700 1 |a Černá, Dana,  |d 1970-  |7 xx0063282  |4 stl 
765 0 |t When Nietzsche wept  |9 Česky 
910 2 |a BOA001  |b CDR-1295.152 
990 |a AV 
991 |b 201301  |e b 
996 6 |b 2610528731  |c CDR-1295.152  |l MZK  |r Sklad / do 24 hodin  |n 2  |p p.v.  |w 001299353  |u 000010  |a 1  |e BOA001  |j MZK50  |s P